Pesanan untuk para ibu dalam menangani masalah anak yang nakal /

Bibliographic Details
Main Author: Muhammad Baihaqi
Format: Book
Published: Kuala Lumpur: Al-Hidayah Publisher, 2008.
Subjects:
LEADER 00675cam a2200205 7i4500
001 0000010910
005 20151104090000.0
005 ##20151104112500.0
003 ##MY-KlINT
020 # # |a 9830993981  
039 # 9 |y 201511041125  |z VLOAD 
090 0 0 |a 649.1   |b MUH 
100 1 # |a Muhammad Baihaqi 
245 0 0 |a Pesanan untuk para ibu dalam menangani masalah anak yang nakal /   |c Muhammad Baihaqi. 
260 # # |a Kuala Lumpur:   |b Al-Hidayah Publisher,   |c 2008. 
300 # # |a v, 117ms;   |c 21cm. 
650 # 0 |a Child rearing --   |x Religious aspects --   |x Islam  
650 # 0 |a Parenting --   |x Religious aspects --   |x Islam  
650 # 0 |a Problem children  
999 |a 0000063851  |b BOOK  |c Main Non-Fiction  |e INTAN BK